000 02012nam0a22004331 4500
001 v19\rc\1477996
005 20060620112747.9
035 _a(NLR Aleph) 004611627
090 _a2921181
_c2921181
100 _a20060620d1897 |||y0rusy50 ca
101 0 _arus
102 _aRU
105 _ab z |||||
200 1 _aПодвиги русских морских офицеров на крайнем востоке России 1849-55 гг. Приамурский и Приуссурийский край
_eПосмерт. зап. адм. Невельского
_fИзд. детьми адм. Невельского
205 _a2-е изд., доп. письмами Е.И. Невельской и 5-ю карт.
210 _aСанкт-Петербург
_d1897
215 _aXVI, 437 с., 1 л. карт.
_d24
300 _aНа обл. дата: 1896
327 0 _aС. 417-420: "Памяти Екатерины Ивановны Невельской. Вера Венд"
464 0 _12001#$aПамяти Екатерины Ивановны Невельской$fВера Венд
_1215##$aС. 417-420
_1700#1$aВенд$bВ.$gВера
_1702#1$aНевельская$bЕ.И.$gЕкатерина Ивановна$4570
_tПамяти Екатерины Ивановны Невельской
_aВенд, Вера
700 1 _aНевельской
_bГ. И.
_f1813-1876
_gГеннадий Иванович
702 1 _aНевельская
_bЕ. И.
_gЕкатерина Ивановна
_4570
702 1 _aВенд
_bВ.
_gВера
_4570
801 0 _aRU
_bNLR
_gpsbo
801 0 _aRU
_bRuMoRGB
_2psbo
801 1 _aRU
_bProSoft-M
_2rusmarc
852 _aNLR
_j20.82.6.9
852 _aNLR
_j131/3563
899 _aRuMoRGB
_jA 231/772
899 _aRuMoRGB
_jU 99/170
899 _aRuMoRGB
_jU 313/356
899 _aRuMoRGB
_jΔ 361/41
899 _aRuMoRGB
_jΔ 416/154
899 _aRuMoRGB
_jΔ 471/124
899 _aБАН
899 _aНБ СПбГУ
899 _aГПИБ
942 _cBOOK
980 _aNB